<?xml version="1.0" encoding="UTF-8"?>
<record
    xmlns:xsi="http://www.w3.org/2001/XMLSchema-instance"
    xsi:schemaLocation="http://www.loc.gov/MARC21/slim http://www.loc.gov/standards/marcxml/schema/MARC21slim.xsd"
    xmlns="http://www.loc.gov/MARC21/slim">

  <leader>02157nam a22002297a 4500</leader>
  <controlfield tag="005">20210922051049.0</controlfield>
  <controlfield tag="008">210922b           ||||| |||| 00| 0 eng d</controlfield>
  <datafield tag="020" ind1=" " ind2=" ">
    <subfield code="a">0465062792</subfield>
  </datafield>
  <datafield tag="040" ind1=" " ind2=" ">
    <subfield code="c">AL</subfield>
  </datafield>
  <datafield tag="041" ind1=" " ind2=" ">
    <subfield code="a">eng</subfield>
  </datafield>
  <datafield tag="082" ind1=" " ind2=" ">
    <subfield code="2">23</subfield>
    <subfield code="a">327.73</subfield>
    <subfield code="b">PRER</subfield>
  </datafield>
  <datafield tag="100" ind1=" " ind2=" ">
    <subfield code="a">Clyde Prestowitz</subfield>
    <subfield code="9">162</subfield>
  </datafield>
  <datafield tag="245" ind1=" " ind2=" ">
    <subfield code="a">Rogue nation</subfield>
    <subfield code="b">American unulateralism and the failure of good intentions</subfield>
  </datafield>
  <datafield tag="260" ind1=" " ind2=" ">
    <subfield code="a">New York</subfield>
    <subfield code="b">The member of Perseus Books Group</subfield>
    <subfield code="c">2003</subfield>
  </datafield>
  <datafield tag="300" ind1=" " ind2=" ">
    <subfield code="a">vii,328</subfield>
    <subfield code="b">HB</subfield>
    <subfield code="c">21*16</subfield>
  </datafield>
  <datafield tag="365" ind1=" " ind2=" ">
    <subfield code="b">$26.00</subfield>
    <subfield code="f">2013/03/24</subfield>
  </datafield>
  <datafield tag="500" ind1=" " ind2=" ">
    <subfield code="a">Political Science</subfield>
  </datafield>
  <datafield tag="520" ind1=" " ind2=" ">
    <subfield code="a">The book, written by a conservative, is critical of the policies and practices of George Bush. The author examines many issues where the U.S. has disagreed with the rest of the world: free trade agreements, global warming, the Israel-Palestine conflict, the treaty to eliminate land mines, the creation of an International Criminal Court, the war on Iraq and more.

The author argues neither for nor against particular policies, but rather against the manner in which those policies are implemented. He explores the historical roots of unilateralism and shows how it shapes American foreign policy in many important areas: trade and economic policy, arms control, energy, environment, drug trafficking, &amp; agriculture. He states that much of the international community regards the United States as a "rogue nation"&#x2014;whether they are in fact or not. Prestowitz notes, "Nations are very much like individuals. More than desire for material gain or fear or love, they are driven by a craving for dignity and respect, by the need to be recognized as valid and just as valuable as the next person or country."

He proposes that America's people and its leaders become better listeners. He interviewed an impressive number of foreign diplomats, ambassadors, and government officials, and he truthfully presents their views even when he does not concur. He provides historical context for various controversies. The book is described by several reviewers as informative and challenging.[1] [2] [3]</subfield>
  </datafield>
  <datafield tag="650" ind1=" " ind2=" ">
    <subfield code="2">United States Foreign Relation</subfield>
  </datafield>
  <datafield tag="700" ind1=" " ind2=" ">
    <subfield code="a">PRESTOWITZ (Clyde)</subfield>
    <subfield code="9">163</subfield>
  </datafield>
  <datafield tag="942" ind1=" " ind2=" ">
    <subfield code="2">ddc</subfield>
    <subfield code="c">GF</subfield>
  </datafield>
  <datafield tag="999" ind1=" " ind2=" ">
    <subfield code="c">216332</subfield>
    <subfield code="d">216332</subfield>
  </datafield>
  <datafield tag="952" ind1=" " ind2=" ">
    <subfield code="0">0</subfield>
    <subfield code="1">0</subfield>
    <subfield code="2">ddc</subfield>
    <subfield code="4">0</subfield>
    <subfield code="7">0</subfield>
    <subfield code="8">PS</subfield>
    <subfield code="a">AL</subfield>
    <subfield code="b">AL</subfield>
    <subfield code="d">2021-09-22</subfield>
    <subfield code="l">0</subfield>
    <subfield code="o">327.73 PRER</subfield>
    <subfield code="p">GF03414</subfield>
    <subfield code="r">2021-09-22 00:00:00</subfield>
    <subfield code="v">0.00</subfield>
    <subfield code="w">2021-09-22</subfield>
    <subfield code="y">GF</subfield>
  </datafield>
</record>
